Größte Städte Ozeaniens - Statistiken

Allgemein
  • Dieses Quiz wurde 80 mal gespielt
  • Das Durchschnittsergebnis liegt bei 5 aus 6
Antwortstatistiken
Einwohner Stadt % Korrekt
4.975 Mio. Sydney
97%
5.00 Mio. Melbourne
92%
2.25 Mio. Perth
89%
1.48 Mio. Auckland
84%
3.35 Mio. Brisbane
81%
1.42 Mio. Adelaide
79%
Keine übereinstimmenden Quizze gefunden
Verteilung der Resultate
Anzahl Personen mit jedem Resultat
Perzentil nach korrekt beantworteten Fragen
Ihre Resultats-Entwicklung
Sie haben dieses Quiz noch nicht gespielt